000 01669nam2a22002531 4500
001 RU\NLR\INFOCOMM29\5000084024
005 20250617033422.0
035 _a(NLR Aleph) 002418265
090 _a1879858
_c1879858
100 _a20050125d1975 |||y0rusy50 ca
101 0 _arus
102 _aRU
105 _ay ||||000|y
200 1 _aХарьковский мясокомбинат - предприятие высокой эффективности производства
_fА.Т. Иванов и др.
210 _d1975
_aБ. м.
461 0 _1001RU\NLR\INFOCOMM29\5000083728
_12001#$aОбзорная информация$iСерия: Мясная промышленность$fМ-во мясной и молочной пром-сти СССР. Центр. науч.-исслед. ин-т информации и техн.-экон. исследований$v1975, №27
_91878344
_aЦентральный научно-исследовательский институт информации и технико-экономических исследований Министерства мясной и молочной промышленности СССР
_cМ.
_d1974-1977
_fМ-во мясной и молочной пром-сти СССР. Центр. науч.-исслед. ин-т информации и техн.-экон. исследований
_iСерия: Мясная промышленность
_tОбзорная информация
_v1975, №27
700 1 _aИванов
_bА.Т.
_4070
801 1 _aRU
_bInfoComm
_c20050125
801 0 _aRU
_bNLR
_gPSBO
852 _aNLR
_jП10/4906
942 _cISSUE
980 _aNB
980 _aRUSPER